000 00737nam a2200217 a 4500
001 000042816
005 20201002040422.0
008 140210s1980 sp ac 000 0 spa d
020 _a8472229009
040 _aDO-SdBNP
_bspa
_cBNPHU
082 _axxx
_bJ91A, 1980
100 1 _aDe Andreis, Stéfano
_970169
245 1 0 _aJuan Pablo Wojtyla :
_b(Crónica insólita de un Papa) /
_cStefano de Andreis, Marcella Leone ; versión del italiano Marta Vassallo.
250 _a4ª ed.
260 _aBarcelona :
_bLaia,
_c1980.
300 _a433 p., :
_bil., ;
_c19 cm.
490 1 _aLaia paperback
_adocumento
_v51
700 1 2 _aLeone, Marcella
_etr.
_970170
700 1 2 _aVassallo, Marta
_970171
830 0 _aLaia paperback
_pdocumento
_v51
_970172
999 _c42305
_d42305